00190nam a22000977a 4500003000400000082001500004100001700019245002400036260002400060300000800084SGT a515.7bJAI aJAIN, P.K.  aFUNCTIONAL ANALYSIS aDELHI bNAIP c2020 a376